Predikcia správania sa zákazníkov v elektronickom obchode

Guardado en:
Detalles Bibliográficos
Autor principal: Lam Tuan, Dung (Autor)
Otros Autores: Kompan, Michal (Orientador)
Formato: Manuscrito Libro
Lenguaje:eslovaco
Publicado: 2018
Materias:
Acceso en línea:http://is.stuba.sk/zp/portal_zp.pl?podrobnosti=122913
Etiquetas: Agregar Etiqueta
Sin Etiquetas, Sea el primero en etiquetar este registro!

MARC

LEADER 00000ntm a22000003a 4500
001 stuzp70279
003 SK-STU
005 20190220162725.7
007 ta
008 150427s2015----xo-----f-mn---000-0-slo-d
040 |a STU  |b slo 
041 0 |a slo 
044 |a xo 
100 1 |a Lam Tuan, Dung  |u 070200  |4 aut  |U FIIT Fakulta informatiky a informačných technológií  |T FIIT Ústav informatiky, informačných systémov a softvérového inžinierstva  |X 79637  |U I200  |Y 179  |7 79637 
242 0 1 |a User’s behaviour prediction in eshop  |y eng 
245 1 0 |a Predikcia správania sa zákazníkov v elektronickom obchode 
260 |c 2018 
300 |a 45 s., CD-rom 
650 4 |a stojové učenie  |2 slo 
650 4 |a predikcia nákupu  |2 slo 
650 4 |a náhodný les  |2 slo 
650 4 |a purchase prediction  |2 eng 
650 4 |a random forest  |2 eng 
650 4 |a machine learning  |2 eng 
700 1 |a Kompan, Michal  |u 070200  |k Z1  |4 ths  |U FIIT Fakulta informatiky a informačných technológií  |T FIIT Ústav informatiky, informačných systémov a softvérového inžinierstva  |X 29626  |U I200  |Y 179  |7 29626 
856 4 |u http://is.stuba.sk/zp/portal_zp.pl?podrobnosti=122913 
996 |b IZP20180085  |c I*BAP98/18  |l II680  |s P  |a 0  |w stuzp70279_0001